| 000 | 00630 a2200181 4500 | ||
|---|---|---|---|
| 999 |
_c5203 _d5203 |
||
| 020 | _a9780870701856 | ||
| 050 | 0 | 0 | _aND 553 PIS 2005 |
| 100 | 1 |
_aPissarro, Joachim. _eauthor |
|
| 245 | 1 | 0 |
_aPioneering modern painting : _bCžanne & Pissarro, 1865-1885 / _cJoachim Pissarro. |
| 264 |
_aNew York: _bThe Museum of Modern Art, _c2005 |
||
| 300 |
_a256 p. : _bill. (col.) |
||
| 500 | _aIncludes bibliographical references and index | ||
| 504 | _aIncludes bibliographical references and index | ||
| 650 | 0 | _aPainting, French | |
| 710 | 2 | _aLos Angeles County Museum of Art. | |
| 710 | 2 | _aMusě d'Orsay. | |
| 942 |
_2lcc _cBK _h553 _iPIS _kND |
||